000 00491nam a2200181Ia 4500
008 240925s9999 xx 000 0 und d
020 _aNA
082 _a382.6029 JAM
100 _aUS Publication
245 0 _aJamals Yellow Pages of Pakistan 2015: industrial/commercial guide
250 _a32nd
260 _aKarachi:
_bUS Publication
_cNA
300 _axxvi,333p.
_bii
_fOriginal
500 _aIncludes Index
600 _aSocial Sciences
650 _aSocial Sciences
942 _cBK
999 _c13328
_d13328